000 00790nam a22002657a 4500
001 BR8002016
003 BR-BrBNA
005 20230928090556.0
007 ta
008 230509b bl.||||| |||| 00| 0 por d
040 _aBR-BrBNA
_bpor
_cBiblioteca Nacional de Agricultura
041 _a(Por)
072 _aE15
_b/G514
090 _ E15 BR8002016
110 1 _aDepartamento Nacional de Obras Contra as Secas, Fortaleza, CE (Brasil)
245 1 _aInformacoes basicas dos projetos contratados [Politica economica; Investimento; Brasil]
260 3 _aFortaleza, CE (Brasil):
_cApr 1980.
300 _a9 p.
500 _aNumerical data
650 _aMicroeconomia
650 _aInvestimento
650 _aPolitica economica
909 _a202309
_bLucia
_c55
_dLucia Elande
942 _cBK
999 _c29439
_d29439